000 00817nam a22002297a 4500
005 2008092903563.0
008 080929t xxu||||| |||| 00| 0 eng d
010 _aENG-91207
020 _a9780070263536
_c125.00
035 _aEN-74740
037 _bDBAD / PUB
040 _aDPL
_bEnglihs
082 _a338.954
100 _aArora, K.G.
245 _aIndian economic development for class XI /
_cby K. G. Arora
260 _aNew Delhi
_bTata McGraw-Hill Publishing
_c2008
300 _axii, 182p.
_c24cm.(pbk)
651 _aIndia
_xEconomic policy
651 _aIndia
_xEconomic policy
942 _2ddc
_cEN
_mARO
_h338.954
999 _c16367
_d16367